Geography Quiz

Random Geography or State Quiz
Score 0/11 Timer 01:30
0 Plays Today
Area Code State % Correct
401Rhode Island
90.3%
802Vermont
84.7%
207Maine
83.3%
603New Hampshire
82.8%
907Alaska
82.4%
808Hawaii
82.2%
701North Dakota
81.2%
605South Dakota
80.3%
406Montana
80.1%
307Wyoming
79%
302Delaware
77.5%
Come Together.
Have Fun.
All Virtual.
We all need to come together. Play Sporcle's virtual live trivia to have fun, connect with people, and get your trivia on. Join a live hosted trivia game for your favorite pub trivia experience done virtually. If a virtual private party is more your thing, go here for details.

You're not logged in!

Compare scores with friends on all Sporcle quizzes.
OR
Log In

Sporcle TV

Today on Sporcle TV


Watch our educational content, quiz creation guides, and fun videos on Sporcle TV.

Show Comments

Extras

Top Quizzes Today


Score Distribution

Paid Content

Your Account Isn't Verified!

In order to create a playlist on Sporcle, you need to verify the email address you used during registration. Go to your Sporcle Settings to finish the process.

Report this User

Report this user for behavior that violates our Community Guidelines.

Details: